000 00653nam a2200217 a 4500
999 _c3945
_d3945
001 3945
003 BD-JhCC
005 20171119204233.0
008 171119s1371 bg |||| |||| 000 0 ben d
035 _a(BD-JhCC)3945
040 _aBD-JhCC
_dBD-JhCC
041 _aben
082 _a891.4415
_bHAQ 1371
245 _aবরিস পাস্তারনক :
_bকবিতা /
_cসানাউল হক [সম্পা.]
260 _aঢাকা :
_bবাংলা একাডেমী,
_c1371.
300 _a110 p. :
_c21 cm.
650 _aCollections of Poems
700 _aহক, সানাউল
942 _2ddc
_cBK